Pokémon starting with an F (generation 1-7) - Statistics

General Stats
  • This quiz has been taken 6 times
  • The average score is 15 of 27
Answer Stats
Gen Pokémon % Correct
6 Fennekin
100%
1 Fearow
80%
6 Flabébé
80%
6 Floette
80%
6 Florges
80%
1 Farfetch'd
60%
3 Feebas
60%
2 Feraligatr
60%
4 Finneon
60%
1 Flareon
60%
6 Fletchinder
60%
6 Fletchling
60%
5 Frillish
60%
2 Furret
60%
5 Ferroseed
40%
5 Ferrothorn
40%
2 Flaaffy
40%
4 Floatzel
40%
3 Flygon
40%
7 Fomantis
40%
5 Foongus
40%
2 Forretress
40%
5 Fraxure
40%
6 Froakie
40%
6 Frogadier
40%
4 Froslass
40%
6 Furfrou
40%
No matching quizzes found
Score Distribution
Percent of People with Each Score
Percentile by Number Answered
Your Score History
You have not taken this quiz